Pokémon - Les attaques de Électhor - Statistiques

Statistiques générales
  • Ce quiz a été pris 28 fois
  • Le résultat moyen est 11 sur 16
Statistiques - réponses
Niveaux Types Noms des attaques % Correct
Niveau 5 Électrique Éclair
100%
Niveau 55 Électrique Fatal-Foudre
95%
Départ Vol Picpic
95%
Départ Électrique Cage Éclair
85%
Niveau 35 Vol Bec Vrille
80%
Niveau 45 Électrique Coup d'Jus
70%
Niveau 50 Eau Danse Pluie
70%
Niveau 40 Vol Atterrissage
65%
Niveau 70 Électrique Élecanon
65%
Niveau 10 Psy Mur Lumière
65%
Niveau 25 Roche Pouvoir Antique
65%
Niveau 20 Psy Hâte
60%
Niveau 30 Électrique Chargeur
55%
Niveau 60 Combat Détection
45%
Niveau 15 Vol Picore
40%
Niveau 65 Électrique Magné-Contrôle
15%
Aucun quiz correspondant
Distribution des résultats
% des personnes avec chaque résultat
Percentile par nombre de réponses
Votre historique - résultats
Vous n’avez pas pris ce quiz